000 01090nam a2200265Ia 4500
003 GCL
008 140319s9999 xx 000 0 ara d
040 _aGCL /
_cGCL
082 0 4 _a953
_bس د
100 1 _aسعيد عبدالفتاح عاشور
245 1 0 _aدراسات فى تاريخ الحضارة الاسلامية العربية /
_cسعيد عبدالفتاح عاشور
700 1 _aسعد زغلول عبدالحميد
250 _aالثانية
260 _aالكويت :
_bمنشورات ذات السلاسل ،
_c1986
300 _a557 ص ؛
_c24 سم
650 0 4 _aالتاريخ الاسلامى
650 0 4 _aالحضارة الاسلامية
650 0 4 _aالحضارة الاسلامية - الاحوال الاجتماعية
650 0 4 _aالحضارة العربية الاسلامية
650 0 4 _aالتاريخ الاسلامى - الفن
650 0 4 _aالتاريخ الاسلامى - الموسيقى
650 0 4 _aالتاريخ الاسلامى - الغناء
650 0 4 _aالاسلام وحركة الترجمة
942 _2ddc
_cBK
999 _c8042
_d8042